Home Print Resources E-Books E-Journals IIMT Lecture Series Library Membership Form Book Recommendation Form Campus Tour Take AdmissionAbout Us Contact Us

Food Science and Nutrition (Record no. 7488)

000 -LEADER
fixed length control field 00343nam a2200157Ia 4500
003 - CONTROL NUMBER IDENTIFIER
control field OSt
005 - DATE AND TIME OF LATEST TRANSACTION
control field 20231121044347.0
008 - FIXED-LENGTH DATA ELEMENTS--GENERAL INFORMATION
fixed length control field 170524s9999 xx 000 0 und d
020 ## - INTERNATIONAL STANDARD BOOK NUMBER
International Standard Book Number 0-19-568911-9
040 ## - CATALOGING SOURCE
Transcribing agency IIMT
100 ## - MAIN ENTRY--PERSONAL NAME
Personal name Roday Sunetra
245 #0 - TITLE STATEMENT
Title Food Science and Nutrition
260 ## - PUBLICATION, DISTRIBUTION, ETC.
Name of publisher, distributor, etc. Oxford
260 ## - PUBLICATION, DISTRIBUTION, ETC.
Date of publication, distribution, etc. 2007
942 ## - ADDED ENTRY ELEMENTS (KOHA)
Source of classification or shelving scheme
Koha item type Book Bank
Holdings
Withdrawn status Lost status Source of classification or shelving scheme Damaged status Not for loan Home library Current library Date acquired Coded location qualifier Barcode Date last seen Uniform Resource Identifier Price effective from Koha item type Public note Total Checkouts Date last checked out
          IIMT University Central Library Meerut IIMT University Central Library Meerut 05/31/2017 Department 01-B-78281 05/31/2017 hotel management 05/31/2017 Book Bank / Loan Books Central Library to Hotel Management Departmental Library    
          IIMT University Central Library Meerut IIMT University Central Library Meerut 05/31/2017   01-B-78321 02/03/2023 hotel management 05/31/2017 Book Bank   2 10/28/2022
          IIMT University Central Library Meerut IIMT University Central Library Meerut 05/31/2017   01-B-78322 05/31/2017 hotel management 05/31/2017 Book Bank      
          IIMT University Central Library Meerut IIMT University Central Library Meerut 05/31/2017   01-B-78323 01/09/2021 hotel management 05/31/2017 Book Bank   1 10/28/2020
IIMT, Central Library. All Rights Reserved IIMT,UNIVERSITY © 2023
Implemented and Customised by I CLOUDE EMS
You Are OPAC Visitor No
free web counter

Powered by Koha